| 000 | 00766cam#a22002295a#4500 | ||
|---|---|---|---|
| 001 | 7561 | ||
| 003 | ELIS7561 | ||
| 005 | 20150907084528.0 | ||
| 008 | t1995#######a####r#####000#0#ara#d | ||
| 040 |
_aمكتبة المعهد الهولندي الفلمنكي _cمكتبة المعهد الهولندي الفلمنكي |
||
| 100 | _aعبد الحليم نور الدين | ||
| 245 | 1 | _aدور المرأة في المجتمع المصري القديم | |
| 260 |
_aالقاهرة _bوزارة الثقافة, المجلس الأعلى للآثار _c1995 |
||
| 300 | _a188 | ||
| 500 | _aالبدرون | ||
| 650 | _aمصر | ||
| 650 | _aالتاريخ | ||
| 650 | _aالنساء | ||
| 650 | _aالعصر الفرعوني | ||
| 650 | _aهدية | ||
| 902 | _aI 85 | ||
| 999 |
_c10100 _d10100 |
||